Cesty k úspěšnosti projektu
Výsledky prieskumu v SRN, v ktorom sa zisťovalo, či projekty vedú k žiadanému výsledku, či majú pracovníci prehľad o projektoch v podniku a či vedenie podniku požaduje správne projekty. Vysvetlenie pojmu projekt. Základ dobrej práce na projekte. Dôležitosť štruktúry projektu. Vytvorenie projektové...
Salvato in:
| Natura: | Capitolo di libro |
|---|---|
| Lingua: | ceco |
| Soggetti: | |
| Tags: |
Nessun Tag, puoi essere il primo ad aggiungerne!!
|
MARC
| LEADER | 00000naa$a2200000$$$4500 | ||
|---|---|---|---|
| 001 | 0045788 | ||
| 005 | 20231113115519.0 | ||
| 041 | 0 | |a cze | |
| 044 | |a CZ | ||
| 245 | 1 | 0 | |a Cesty k úspěšnosti projektu |
| 520 | |a Výsledky prieskumu v SRN, v ktorom sa zisťovalo, či projekty vedú k žiadanému výsledku, či majú pracovníci prehľad o projektoch v podniku a či vedenie podniku požaduje správne projekty. Vysvetlenie pojmu projekt. Základ dobrej práce na projekte. Dôležitosť štruktúry projektu. Vytvorenie projektového tímu a určenie kompetencií jeho členov. | ||
| 610 | 2 | 0 | |a projekty |
| 610 | 2 | 0 | |a podnik |
| 610 | 2 | 0 | |a tímy pracovné |
| 610 | 2 | 0 | |a kompetencie |
| 610 | 2 | 0 | |a zodpovednosť |